000 01775nam a2200361 c 4500
003 BLK
005 20180420221641.0
008 180408b bul|||||r ||||||| ||bul||
010 _aKNG00049302000
040 _aBLK
041 _aBUL
_cBUL
080 _aЖивотновъдни сгради и съоръжения. Ферми. Спомагателни помещения. Оборудване. Вж и 728. 9; 69; 636. 08; 727. 6; 631. 3
_b631.22
_x(035)
_z631.22(035)
100 1 _aВълчев, Борислав Ил.
_eпърви автор
_9280259
700 1 _aДимов, Марин
_eсъавт.
_9280260
700 1 _aДамянов, Александър
_eсъавт.
_9280261
139 _aВълчев, Борислав Ил. и др.
_bВ 95
245 1 0 _aЕксплоатация на машините в животновъдството
_bРъководство
_cБорислав Ил. Вълчев; съавт. Марин Димов; съавт. Александър Дамянов.
257 _aBGR
260 София
_bЗемиздат
_c1986
_fХасково : печ. Ат. Стратиев
300 _a148 с.
_bсъс сх., табл.
_c20 см
380 _a63
490 1 _aКултура - качество - ефективност
_v6
500 _a1 700 тир.
650 4 _aЖивотновъдство - механизация - наръчници и ръководства
_9280262
650 4 _aЖивотновъдни ферми, частни - наръчници и ръководства
_9280263
653 _aживотновъдство
653 _aмеханизация
852 _aЦб 143265
856 4 _qpdf
_u
856 4 _qpdf
_u
942 _cKNG
_n0
944 _aCR
_c31.08.2016
_kПравда_Бадева
944 _aED
_c31.08.2016
_kПравда_Бадева
999 _c45506
_d45506